000 00502nam a2200145 a 4500
008 120416s1982 ||||||||||||||||| || u
020 _a0030597935
050 _aHF 5661 Per
100 _aPerson, Samuel
245 1 0 _aIntermediate accounting
246 _aCPA exam supplement
260 _aNew York
_bThe Dryden Press
_c1982
350 _a0.00
995 _D0.00
_FCBU-MAIN LIBRARY (Kitwe)
_H1
_I26.75
_M1
_UAVAILABLE
_ZAnnex Low-Usage Collection
999 _c47230
_d47230